Statistics for Countries with highest HDI by decade

Click here to take the quiz!

General Stats

  • This quiz has been taken 36 times
  • The average score is 19 of 20

Answer Stats

All Countries Featured1990200020102022% Correct
SwedenAustraliaSwedenNorwayNorway
100%
United Kingdom
100%
AustraliaCanadaAustraliaGermanyIceland
97%
AustriaNew ZealandAustriaSwedenLiechtenstein
97%
DenmarkGermanyDenmarkUnited KingdomNetherlands
97%
FinlandJapanFinlandNetherlandsSweden
97%
GermanyDenmarkGermanyLiechtensteinGermany
97%
Iceland
97%
Luxembourg
97%
NetherlandsSwitzerlandNetherlandsAustraliaAustralia
97%
NorwayUnited StatesNorwaySwitzerlandSwitzerland
97%
SwitzerlandBelguimSwitzerlandLuxembourgSingapore
97%
United StatesNetherlandsUnited StatesNew ZealandDenmark
97%
BelguimAustriaBelguimBelguimFinland
93%
CanadaNorwayCanadaDenmarkIreland
93%
Singapore
93%
Ireland
90%
JapanIcelandJapanCanadaNew Zealand
90%
New ZealandFinlandNew ZealandUnited StatesBelguim
90%
LiechtensteinSwedenLiechtensteinFinlandCanada
76%

Score Distribution

Percentile by Number Answered

Percent of People with Each Score

Your Score History

You have not taken this quiz